• 首页
  • 本馆介绍
  • 公告通知
  • 最新文献
  • 馆藏检索
  • 电子资源
  • 读者导购
  • 参考咨询
  • 我的图书馆
  • 登录
  • 详细信息显示
  • 放入我的书架
  • 预约/预借图书
  • 作者相关作品
  • 分类相关作品
  • 丛书相关作品
  • 出版社相关作品

书目信息

  • 表格格式
  • 工作单格式
  • 卡片格式
书名: Final gifts
作者: Maggie Callanan and Patricia Kelley.
分册号:
分册名:
出版地: New York, N.Y. :
 
出版社: Poseidon Press
出版时间: c1992.
页数: 221 p. ;
开本: 22 cm.
丛书名:
中图分类号:
科图分类号:
其他分类号: R48
主题词:
电子资源:
000 01350pam a2200337 a 450
001 E0757003217
005 20070505155025.64
008 911107s1992 nyu b 000 0 eng
010    @a91043191
020    @a0671700065.
035    @A(DLC) 91043191
040    @aDLC@cDLC@dDLC
050 00 @aBF789.D4@bC25 1992
082 00 @a155.9/37@2 20
090    @aR48
099    @dR48@ex39
100 1  @aCallanan, Maggie.
245 10 @aFinal gifts :@bunderstanding the special awareness, needs, and communications of the dying / @cMaggie Callanan and Patricia Kelley.
260    @aNew York, N.Y. :@bPoseidon Press,@cc1992.
300    @a221 p. ;@c22 cm.
504    @aIncludes bibliographical references (p. [219]-221).
650  0 @aTerminally ill@xFamily relationships.
650  0 @aDeath@xPsychological aspects.
650  0 @aTerminally ill@xPsychology.
650  0 @aDeath@xPsychological aspects@xCase studies.
650  0 @aTerminally ill@xPsychology@xCase studies.
650  0 @aTerminally ill@xFamily relationships@xCase studies.
700 1  @aKelley, Patricia,@d1945-
906    @a7@bcbc@corignew@d1@eocip@f19@gy-gencatlg
955    @apc05 to bc00 11-07-91; bc27 to SCD 11-12-91; hr06 11-18-91; hr03 to DDC 11-20-91; aa03 11-21-91; CIP ver. ta06; to SL 06-02-92
991    @bc-GenColl@hBF789.D4@iC25 1992@p00017706500@tCopy 1@wBOOKS
    
    Final gifts : : understanding the special awareness, needs, and communications of the dying / / Maggie Callanan and Patricia Kelley.-New York, N.Y. : : Poseidon Press, , c1992.
    221 p. ; ; 22 cm.
    Includes bibliographical references (p. [219]-221).
    
    ISBN 0671700065.
    
●
相关链接 在E读中查询图书 在五车中查询图书 在当当中查询图书 在豆瓣中查询图书


正题名:Final gifts     索取号:R48/x39         预约/预借

序号 登录号 条形码 馆藏地/架位号 状态 备注
1 0006620   300066201   第二样本阅览室/ [索取号:R48/x39] 在馆    
唐山师范学院图书馆 欢迎您!
大连网信软件有限公司© 版权所有